000 00520nam a2200181Ia 4500
008 240729s9999 xx 000 0 und d
022 _a2508-4909
245 0 _aAnnals of Geriatric Medicine and Research
260 _aKorea, Republic of
260 _bKorea Geriatrics Society
650 _a Geriatrics
650 _a Internal medicine
650 _a Special situations and conditions
650 _aMedicine
856 _uhttps://doaj.org/toc/6832ae785bc44ecab5382c49ee8c4463
942 _2ddc
942 _cDOAJEJ
999 _c65891
_d65891
945 _a1
_bMadushi Gamage
_c1
_dMadushi Gamage